Normal view
MARC view
- Supervisor Dr. Muwahida Liaquat
Entry Corporate Name
001 - CONTROL NUMBER
- control field: 84365
003 - CONTROL NUMBER IDENTIFIER
- control field: NUST
005 - DATE AND TIME OF LATEST TRANSACTION
- control field: 20211117133839.0
008 - FIXED-LENGTH DATA ELEMENTS
- fixed length control field: 211117|| aca||aabn | a|a d
040 ## - CATALOGING SOURCE
- Original cataloging agency: NUST
- Transcribing agency: NUST
110 ## - HEADING--CORPORATE NAME
- Corporate name or jurisdiction name as entry element: Supervisor Dr. Muwahida Liaquat
670 ## - SOURCE DATA FOUND
- Source citation: Work cat.: (NUST): Muhammad Mudassar 84364, TH-SOF-1882-Reduce Order Damping Controller Design for Interconnected Power System, 2021.
